01162nam a2200193Ia 4500001001100000003001000011008004100021040002500062041001300087100003400100245006300134250001100197260008900208300001200297500026200309501011400571520026200685650002100947L269-22306IT-CnALBA170116s9999||||xx |||||||||||||| ||und|| aIT-CnALBAcIT-CnALBA aITALIANO aGIACOVELLI SR. CECILIA, SCIC. 0aLA NUOVA EVANGELIZZAZIONE. LE GRANDI RELIGIONI NEL MONDO.  a1a ed. a ROMAbOPERE MISS. DIREZ. NAZ. PONT. c1993 [1° Ed.:1993 - Ed.Ling.Originale: 1993] a128 p.  aRELIGIONI TRADIZIONALI DELL'ANTICHITÀ. ESSERE SUPREMO. L'UOMO DELLE CAVERNE. CERIMONIE CULTUALI E CREDENZA NELL'ALDILA'. RELIGIONI NEI DIVERSI CONTINENTI. AFRICA, OCEANIA, INDONESIA, AMERICHE. CINA, CULTO DEGLI ANTENATI. CONFUCIANESIMO. TAOISMO. EBRAISMO, aSocietà San Paolo EM - Piazza San Paolo, 14 - 12051 ALBA (CN) (non commercial uses only) ® Copyright 2017 aRELIGIONI TRADIZIONALI DELL'ANTICHITÀ. ESSERE SUPREMO. L'UOMO DELLE CAVERNE. CERIMONIE CULTUALI E CREDENZA NELL'ALDILA'. RELIGIONI NEI DIVERSI CONTINENTI. AFRICA, OCEANIA, INDONESIA, AMERICHE. CINA, CULTO DEGLI ANTENATI. CONFUCIANESIMO. TAOISMO. EBRAISMO, aEVANGELIZZAZIONE